The Third World War : (Record no. 549439)

000 -LEADER
fixed length control field 00558cam a2200181 a 4500
020 ## - INTERNATIONAL STANDARD BOOK NUMBER
International Standard Book Number 0025471104
082 00 - DEWEY DECIMAL CLASSIFICATION NUMBER
Classification number 909
Author Mark HAC
-- D
100 1# - MAIN ENTRY--PERSONAL NAME
Personal name Sir John Hackett, John Winthrop,
9 (RLIN) 46094
245 14 - TITLE STATEMENT
Title The Third World War :
Remainder of title the untold story /
Statement of responsibility, etc. Sir John Hackett.
260 ## - PUBLICATION, DISTRIBUTION, ETC.
Place of publication, distribution, etc. New York :
Name of publisher, distributor, etc. Macmillan,
Date of publication, distribution, etc. c1982.
300 ## - PHYSICAL DESCRIPTION
Extent xiii, 372 p. :
Other physical details maps ;
Dimensions 24 cm.
500 ## - GENERAL NOTE
General note Includes index.
526 ## - STUDY PROGRAM INFORMATION NOTE
Program name 0
Interest level 0
Reading level 0
Title point value 909_000000000000000_HAC
650 #0 - SUBJECT ADDED ENTRY--TOPICAL TERM
Topical term or geographic name entry element Imaginary wars and battles.
9 (RLIN) 46095
650 #0 - SUBJECT ADDED ENTRY--TOPICAL TERM
Topical term or geographic name entry element MCE
9 (RLIN) 379
650 #0 - SUBJECT ADDED ENTRY--TOPICAL TERM
Topical term or geographic name entry element World War III.
9 (RLIN) 46096
942 ## - ADDED ENTRY ELEMENTS (KOHA)
Source of classification or shelving scheme
Koha item type Book
Holdings
Withdrawn status Lost status Source of classification or shelving scheme Damaged status Not for loan Permanent Location Current Location Date acquired Total Checkouts Full call number Barcode Date last seen Price effective from Koha item type
          Military College of Engineering (MCE) Military College of Engineering (MCE) 09/25/2014   909 HAC MCE-29967 09/25/2014 09/25/2014 Book
© 2023 Central Library, National University of Sciences and Technology. All Rights Reserved.